[Event "Metz op 32nd"]
[Site "Metz"]
[Date "2014.05.08"]
[Round "8"]
[White "Haik, Aldo"]
[Black "Doluhanova, Evgeniya"]
[Result "1-0"]
[WhiteElo "2390"]
[BlackElo "2336"]
[PlyCount "89"]
[EventDate "2014.05.03"]
[EventType "swiss"]
[EventRounds "9"]
[EventCountry "FRA"]
[SourceTitle "CBM 160 Extra"]
[Source "ChessBase"]
[SourceDate "2014.07.01"]
[SourceVersion "1"]
[SourceVersionDate "2014.07.01"]
[SourceQuality "1"]

1. d4 Nf6 2. c4 e6 3. Nc3 Bb4 4. e3 0-0 5. Nge2 b6 6. a3 Be7 7. e4 d5 8. e5 Ne4 9. Be3 Nxc3 10. Nxc3 Bb7 11. cxd5 exd5 12. Bd3 c5 13. Qg4 Bc8 14. Qg3 Bh4 15. Qf4 cxd4 16. Bxd4 Nc6 17. Be3 Be6 18. Nb5 g5 19. Qa4 Nxe5 20. Be2 a6 21. Nd4 b5 22. Qb3 g4 23. Rd1 Qa5+ 24. Kf1 Qa4 25. Qc3 Rac8 26. Qd2 Nc4 27. Bxc4 Qxc4+ 28. Kg1 Bd7 29. Bg5 Bxg5 30. Qxg5+ Kh8 31. Qf6+ Kg8 32. h3 g3 33. h4 Rfe8 34. h5 Re4 35. Rh4 Rxh4 36. Qxh4 gxf2+ 37. Kxf2 Qc5 38. Rd3 Kf8 39. Qf6 Re8 40. Rf3 Be6 41. h6 Rc8 42. Rc3 Qa7 43. Re3 Ke8 44. Rxe6+ fxe6 45. Qh8+ 1-0

[Event "Metz op 32nd"]
[Site "Metz"]
[Date "2014.05.07"]
[Round "7"]
[White "Haik, Aldo"]
[Black "Valles, Manuel"]
[Result "0-1"]
[WhiteElo "2390"]
[BlackElo "2387"]
[PlyCount "102"]
[EventDate "2014.05.03"]
[EventType "swiss"]
[EventRounds "9"]
[EventCountry "FRA"]
[SourceTitle "CBM 160 Extra"]
[Source "ChessBase"]
[SourceDate "2014.07.01"]
[SourceVersion "1"]
[SourceVersionDate "2014.07.01"]
[SourceQuality "1"]

1. Nf3 g6 2. d4 Nf6 3. Bf4 Bg7 4. Nbd2 d6 5. e3 Nh5 6. Bg5 h6 7. Bh4 g5 8. Bg3 e6 9. Be2 Qe7 10. 0-0 f5 11. Ne1 Nxg3 12. fxg3 0-0 13. c3 c5 14. Qb3 Kh8 15. Rd1 Nd7 16. Nd3 b6 17. Qa3 Bb7 18. Bf3 d5 19. c4 Qf6 20. dxc5 g4 21. Be2 Nxc5 22. Nxc5 bxc5 23. Nb3 Rfc8 24. Nxc5 Bf8 25. b4 Bxc5 26. bxc5 Qe5 27. Rd4 Rc7 28. cxd5 Bxd5 29. Kf2 Rb8 30. Rc1 Rcb7 31. c6 Rc7 32. Rc5 Qd6 33. Qc3 Kh7 34. Bb5 Rb6 35. Ba4 h5 36. Rb4 Bxa2 37. Rd4 Bd5 38. Rd2 Ra6 39. Bb5 Rb6 40. Ba4 Ra6 41. Bb5 Rb6 42. Ba4 Kg6 43. Ra5 Qb4 44. Qxb4 Rxb4 45. Bb5 Rb3 46. Rc2 Be4 47. Rca2 Rb1 48. Be2 Rxc6 49. Rxa7 Rcc1 50. R2a6 Kf6 51. Rh7 Rg1 0-1

[Event "Metz op 32nd"]
[Site "Metz"]
[Date "2014.05.06"]
[Round "6"]
[White "Vaibhav, Suri"]
[Black "Haik, Aldo"]
[Result "1/2-1/2"]
[WhiteElo "2524"]
[BlackElo "2390"]
[PlyCount "98"]
[EventDate "2014.05.03"]
[EventType "swiss"]
[EventRounds "9"]
[EventCountry "FRA"]
[SourceTitle "CBM 160 Extra"]
[Source "ChessBase"]
[SourceDate "2014.07.01"]
[SourceVersion "1"]
[SourceVersionDate "2014.07.01"]
[SourceQuality "1"]

1. d4 Nf6 2. c4 d6 3. Nf3 Nbd7 4. g3 e5 5. Bg2 Be7 6. 0-0 0-0 7. Nc3 c6 8. e4 a6 9. d5 cxd5 10. cxd5 b5 11. Ne1 b4 12. Na4 a5 13. Nd3 Ba6 14. a3 Qb8 15. Re1 Rc8 16. b3 Nb6 17. axb4 Bxd3 18. Qxd3 axb4 19. Bd2 Bd8 20. Nb2 Ra3 21. Bxb4 Rxa1 22. Rxa1 Nbxd5 23. Bxd6 Qxd6 24. Nc4 Qb4 25. exd5 h6 26. Qf5 Rb8 27. Nxe5 Qxb3 28. Nc6 Qc3 29. Rf1 Ra8 30. Qb1 Ne8 31. Qb7 Qa3 32. Qd7 Bf6 33. h3 Nd6 34. Qc7 Re8 35. Qa5 Qxa5 36. Nxa5 Bc3 37. Nc6 Re1 38. Rxe1 Bxe1 39. Kf1 Bc3 40. Ke2 Kf8 41. Kd3 Be1 42. Ke2 Bc3 43. h4 Bb2 44. Kd2 Ba3 45. Ke2 Bc5 46. Bh3 Ne4 47. Ne5 Ke7 48. Nd3 Nc3+ 49. Kf3 Bd6 1/2-1/2

[Event "FRA-chT1A 0809"]
[Site "France"]
[Date "2008.11.09"]
[Round "3.2"]
[White "Haik, Aldo"]
[Black "Kurmann, Oliver"]
[Result "1-0"]
[WhiteElo "2386"]
[BlackElo "2439"]
[PlyCount "49"]
[EventDate "2008.10.19"]
[EventType "team-tourn"]
[EventRounds "11"]
[EventCountry "FRA"]
[SourceTitle "EXT 2010"]
[Source "ChessBase"]
[SourceDate "2010.11.25"]
[SourceVersion "1"]
[SourceVersionDate "2010.11.25"]
[SourceQuality "1"]
[WhiteTeam "Noisy le Grand"]
[BlackTeam "Mulhouse II"]
[WhiteTeamCountry "FRA"]
[BlackTeamCountry "FRA"]

1. e4 c5 2. Nf3 e6 3. d3 Nc6 4. g3 Nge7 5. Bg2 g6 6. 0-0 Bg7 7. Nbd2 0-0 8. c3 Rb8 9. d4 b6 10. d5 Na5 11. d6 Nec6 12. Re1 e5 13. Nf1 Qf6 14. Bg5 Qe6 15. b4 cxb4 16. cxb4 Nxb4 17. Be7 f6 18. Ne3 Rf7 19. Nd5 Nxd5 20. exd5 Qf5 21. Nh4 Qg5 22. Re4 Nb7 23. Ra4 Ra8 24. Nf3 Qh5 25. Rh4 1-0

[Event "FRA-chT1A 0708"]
[Site "France"]
[Date "2008.03.15"]
[Round "8.3"]
[White "Saada, Julien"]
[Black "Haik, Aldo"]
[Result "0-1"]
[WhiteElo "2257"]
[BlackElo "2381"]
[PlyCount "124"]
[EventDate "2007.10.21"]
[EventType "team"]
[EventRounds "11"]
[EventCountry "FRA"]
[SourceTitle "EXT 2009"]
[Source "ChessBase"]
[SourceDate "2008.11.26"]
[SourceVersion "1"]
[SourceVersionDate "2008.11.26"]
[SourceQuality "1"]
[WhiteTeam "Migne Auxances"]
[BlackTeam "Noisy le Grand"]
[WhiteTeamCountry "FRA"]
[BlackTeamCountry "FRA"]

1. d4 d5 2. c4 e6 3. Nc3 Nf6 4. cxd5 exd5 5. Bg5 c6 6. e3 Be7 7. Bd3 Nbd7 8. Qc2 Nf8 9. Nf3 Ne6 10. Bxf6 Bxf6 11. 0-0 g6 12. b4 0-0 13. Rfc1 Bg7 14. Qb3 f5 15. b5 f4 16. e4 Nxd4 17. Nxd4 Bxd4 18. bxc6 bxc6 19. exd5 f3 20. g3 cxd5 21. Rab1 Be6 22. Nb5 Bxf2+ 23. Kxf2 Qb6+ 24. Ke1 Qe3+ 25. Kd1 f2 26. Kc2 d4 27. Bc4 Rac8 28. Kb2 Rxc4 29. Rxc4 f1Q 30. Rxf1 Rxf1 31. Rc8+ Kg7 32. Rc7+ Kh6 33. Qxe3+ dxe3 34. Nd4 Bh3 35. Re7 Rf2+ 36. Kb3 Rxh2 37. Rxe3 Rg2 38. a4 Bg4 39. Nc6 a6 40. Kb4 Re2 41. Rd3 Bf5 42. Rd4 Kg5 43. Ka5 Re3 44. Kxa6 Rxg3 45. Kb6 h5 46. a5 Rb3+ 47. Kc7 Ra3 48. Kb6 h4 49. a6 h3 50. Rd2 Be4 51. Na5 Ba8 52. Nc4 Rb3+ 53. Ka7 Bg2 54. Ne5 Re3 55. Nc4 Rg3 56. Nd6 h2 57. Ne4+ Bxe4 58. Rxh2 Rf3 59. Kb8 Rf8+ 60. Kc7 Kg4 61. a7 g5 62. Rb2 Ra8 0-1

[Event "FRA-chT2 North 0607"]
[Site "France"]
[Date "2007.04.01"]
[Round "11.3"]
[White "Haik, Aldo"]
[Black "Choisy, Mathilde"]
[Result "1-0"]
[WhiteElo "2375"]
[BlackElo "2079"]
[PlyCount "65"]
[EventDate "2006.10.15"]
[EventType "team"]
[EventRounds "11"]
[EventCountry "FRA"]
[SourceTitle "EXT 2008"]
[Source "ChessBase"]
[SourceDate "2007.11.25"]
[SourceVersion "1"]
[SourceVersionDate "2007.11.25"]
[SourceQuality "1"]
[WhiteTeam "Noisy le Grand"]
[BlackTeam "Bois Colombes II"]
[WhiteTeamCountry "FRA"]
[BlackTeamCountry "FRA"]

1. d4 Nf6 2. c4 e5 3. dxe5 Ne4 4. a3 Nc6 5. Nf3 d6 6. Qc2 Nc5 7. b4 Nd7 8. exd6 Bxd6 9. Bb2 0-0 10. e3 f5 11. c5 Be5 12. b5 Bxb2 13. bxc6 Bxa1 14. cxd7 Bxd7 15. Qa2+ Kh8 16. Qxa1 f4 17. Nbd2 fxe3 18. fxe3 Qe7 19. Qe5 Qxe5 20. Nxe5 Rae8 21. Nxd7 Rxe3+ 22. Kd1 Rd8 23. c6 bxc6 24. Nc5 Rxa3 25. Nd3 c5 26. Nc1 Ra4 27. Kc2 Rad4 28. Bd3 a5 29. Re1 a4 30. Nc4 Rf8 31. Re2 Rdf4 32. Na2 h5 33. Ne5 1-0

[Event "Metz op 20th"]
[Site "Metz"]
[Date "2002.04.18"]
[Round "6"]
[White "Haik, Aldo"]
[Black "Shchekachev, Andrei"]
[Result "0-1"]
[WhiteElo "2361"]
[BlackElo "2573"]
[PlyCount "80"]
[EventDate "2002.04.13"]
[EventType "swiss"]
[EventRounds "9"]
[EventCountry "FRA"]
[SourceTitle "CBM 087 Extra"]
[Source "ChessBase"]
[SourceDate "2002.05.03"]
[SourceVersion "2"]
[SourceVersionDate "2002.08.09"]
[SourceQuality "1"]

1. d4 Nf6 2. Nf3 g6 3. c4 Bg7 4. Nc3 0-0 5. e4 d6 6. Be2 Na6 7. 0-0 e5 8. dxe5 dxe5 9. Qxd8 Rxd8 10. Bg5 h6 11. Bh4 Re8 12. Rfd1 c6 13. Ne1 Nc5 14. f3 a5 15. Nc2 Be6 16. b3 Nfd7 17. Rab1 f5 18. Rd2 fxe4 19. fxe4 Nf6 20. Bf3 Bf7 21. Rbd1 g5 22. Bf2 Bf8 23. Ne3 Bg6 24. Ng4 Nxg4 25. Bxg4 Nxe4 26. Nxe4 Bxe4 27. Rd7 b5 28. Bh5 Rec8 29. Bg3 Bc5+ 30. Kh1 Bf5 31. Bxe5 Bxd7 32. Rxd7 Ra7 33. Rd3 Re7 34. Bg3 bxc4 35. bxc4 Rb8 36. h4 Rb4 37. Kh2 Rxc4 38. Kh3 Ree4 39. Bg6 Re3 40. hxg5 hxg5 0-1

[Event "Metz op 20th"]
[Site "Metz"]
[Date "2002.04.16"]
[Round "4"]
[White "Haik, Aldo"]
[Black "Legky, Nikolay A"]
[Result "0-1"]
[WhiteElo "2361"]
[BlackElo "2485"]
[PlyCount "78"]
[EventDate "2002.04.13"]
[EventType "swiss"]
[EventRounds "9"]
[EventCountry "FRA"]
[SourceTitle "CBM 087 Extra"]
[Source "ChessBase"]
[SourceDate "2002.05.03"]
[SourceVersion "2"]
[SourceVersionDate "2002.08.09"]
[SourceQuality "1"]

1. d4 d5 2. c4 dxc4 3. Nf3 Nf6 4. e3 e6 5. Bxc4 c5 6. 0-0 Nc6 7. Qe2 cxd4 8. Rd1 Be7 9. exd4 0-0 10. Nc3 Na5 11. Bd3 b6 12. Bg5 Bb7 13. Bc2 Rc8 14. Qd3 g6 15. Bh6 Re8 16. Ne5 a6 17. Qh3 Nc4 18. Nxc4 Rxc4 19. Bb3 Rxd4 20. Bxe6 Bc5 21. Rxd4 Bxd4 22. Bb3 Bxf2+ 23. Kh1 Qe7 24. Rf1 b5 25. Qd3 Ng4 26. Bf4 Bc5 27. Bg3 Ne3 28. Rxf7 Bxg2+ 29. Kg1 Nc4+ 30. Kxg2 Qxf7 31. Ne4 Qe6 32. Nc3 Kg7 33. h4 Bb6 34. Nd5 Ne3+ 35. Nxe3 Qxe3 36. Qd7+ Re7 37. Qd5 Qe2+ 38. Kh3 Qf1+ 39. Kg4 h5+ 0-1

[Event "Metz op 20th"]
[Site "Metz"]
[Date "2002.04.15"]
[Round "3"]
[White "Timoscenko, Gennadij A"]
[Black "Haik, Aldo"]
[Result "1/2-1/2"]
[WhiteElo "2513"]
[BlackElo "2361"]
[PlyCount "72"]
[EventDate "2002.04.13"]
[EventType "swiss"]
[EventRounds "9"]
[EventCountry "FRA"]
[SourceTitle "CBM 087 Extra"]
[Source "ChessBase"]
[SourceDate "2002.05.03"]
[SourceVersion "2"]
[SourceVersionDate "2002.08.09"]
[SourceQuality "1"]

1. d4 g6 2. c4 c5 3. d5 e5 4. e4 d6 5. Nc3 h5 6. h4 Bh6 7. g3 a6 8. Bh3 Nd7 9. Nf3 Bxc1 10. Qxc1 Nf8 11. Bxc8 Qxc8 12. a4 f6 13. Kf1 Nh6 14. Kg2 Nf7 15. Qd2 b6 16. Ne1 Ra7 17. Nd3 a5 18. Rae1 Nh6 19. Nb5 Rd7 20. f4 Ng4 21. fxe5 fxe5 22. Nf2 Nxf2 23. Qxf2 Nh7 24. Rhf1 Rf8 25. Qe3 Rxf1 26. Rxf1 Ke7 27. Qh6 Qg8 28. g4 hxg4 29. h5 gxh5 30. Rf5 g3 31. Rxh5 Nf6 32. Rg5 Qf8 33. Rg7+ Ke8 34. Qg6+ Kd8 35. Rxd7+ Nxd7 36. Qxg3 Qh6 1/2-1/2

[Event "Cannes masters k.o."]
[Site "Cannes"]
[Date "2000.02.19"]
[Round "1.1"]
[White "Anic, Darko"]
[Black "Haik, Aldo"]
[Result "0-1"]
[WhiteElo "2499"]
[BlackElo "2388"]
[PlyCount "68"]
[EventDate "2000.02.19"]
[EventType "k.o."]
[EventRounds "5"]
[EventCountry "FRA"]
[SourceTitle "CBM 076"]
[Source "ChessBase"]
[SourceDate "2000.05.31"]
[SourceVersion "1"]
[SourceVersionDate "2000.05.31"]
[SourceQuality "1"]

1. Nf3 c5 2. c4 g6 3. d4 cxd4 4. Nxd4 Bg7 5. e4 Nc6 6. Be3 Nf6 7. Nc3 Ng4 8. Qxg4 Nxd4 9. Qd1 Ne6 10. Qd2 Qa5 11. Rc1 b6 12. Be2 Bb7 13. f3 g5 14. b3 Qe5 15. Nd5 h5 16. 0-0 g4 17. f4 Qb2 18. Rc2 Qa3 19. e5 Rc8 20. Rd1 Nc5 21. Bd4 Ne4 22. Qd3 Nc5 23. Qe3 Ne6 24. Bb2 Qc5 25. Qxc5 Nxc5 26. b4 Ne6 27. g3 Nc7 28. Ne3 Be4 29. Rcd2 Rd8 30. Rd4 f5 31. exf6 Bxf6 32. Rxe4 Bxb2 33. Nf5 Ne6 34. Rd3 Kf7 0-1

[Event "Cannes masters k.o."]
[Site "Cannes"]
[Date "2000.02.19"]
[Round "1.2"]
[White "Haik, Aldo"]
[Black "Anic, Darko"]
[Result "1-0"]
[WhiteElo "2388"]
[BlackElo "2499"]
[PlyCount "67"]
[EventDate "2000.02.19"]
[EventType "k.o."]
[EventRounds "5"]
[EventCountry "FRA"]
[SourceTitle "CBM 076"]
[Source "ChessBase"]
[SourceDate "2000.05.31"]
[SourceVersion "1"]
[SourceVersionDate "2000.05.31"]
[SourceQuality "1"]

1. c4 c6 2. d4 f5 3. Nc3 Nf6 4. Nf3 g6 5. g3 Bg7 6. Bg2 0-0 7. 0-0 Ne4 8. Qc2 Nxc3 9. Qxc3 d6 10. c5 Nd7 11. cxd6 exd6 12. Bd2 Nf6 13. Qc2 a5 14. Bc3 Qe7 15. Rfe1 Be6 16. Ng5 Bd5 17. e4 fxe4 18. Nxe4 Nxe4 19. Bxe4 Bxe4 20. Rxe4 Qf7 21. a3 Qd5 22. Rae1 b5 23. Qd2 a4 24. Qe2 b4 25. axb4 a3 26. bxa3 Rxa3 27. Rc1 c5 28. bxc5 dxc5 29. Bb2 Raf3 30. Rxc5 Qf7 31. Re7 Qa2 32. Rcc7 Bh6 33. d5 Qb1+ 34. Bc1 1-0

[Event "Metz op 16th"]
[Site "Metz"]
[Date "1998.04.11"]
[Round "7"]
[White "Haik, Aldo"]
[Black "Nezar, Mustapha"]
[Result "1-0"]
[WhiteElo "2400"]
[BlackElo "2255"]
[PlyCount "105"]
[EventDate "1998.04.06"]
[EventType "swiss"]
[EventRounds "9"]
[EventCountry "FRA"]
[SourceTitle "EXT 1999"]
[Source "ChessBase"]
[SourceDate "1998.11.16"]
[SourceVersion "1"]
[SourceVersionDate "1998.11.16"]
[SourceQuality "1"]

1. d4 d5 2. c4 c6 3. Nc3 Nf6 4. e3 e6 5. Nf3 Nbd7 6. Bd3 dxc4 7. Bxc4 b5 8. Be2 Bb7 9. 0-0 Bd6 10. e4 e5 11. d5 cxd5 12. Nxb5 Be7 13. exd5 Bxd5 14. b3 0-0 15. Bb2 a6 16. Nc3 Bb7 17. Qc2 Qc7 18. Rac1 Rac8 19. Qf5 g6 20. Qg5 Qb8 21. Rfd1 Rfe8 22. Qh6 Rcd8 23. Ng5 Bf8 24. Qh4 h6 25. Nge4 Kg7 26. Nxf6 Nxf6 27. Na4 Rxd1+ 28. Rxd1 Qc7 29. Qc4 Qe7 30. Nb6 Kg8 31. h3 Qe6 32. Nd7 Nxd7 33. Qxe6 Rxe6 34. Rxd7 Re7 35. Rd8 Bc6 36. Ba3 Re8 37. Rxe8 Bxe8 38. Bxf8 Kxf8 39. Bxa6 Ke7 40. Kf1 g5 41. Ke2 Kd6 42. Bc8 Bc6 43. g3 e4 44. Ke3 Ke5 45. g4 Bd5 46. a4 Bxb3 47. a5 Kd6 48. a6 Kc7 49. a7 Bd5 50. Bf5 Kb6 51. Bxe4 Bxe4 52. Kxe4 Kxa7 53. Kf5 1-0

[Event "Metz op 16th"]
[Site "Metz"]
[Date "1998.04.07"]
[Round "3"]
[White "Haik, Aldo"]
[Black "Lerner, Konstantin Z"]
[Result "0-1"]
[WhiteElo "2400"]
[BlackElo "2575"]
[PlyCount "110"]
[EventDate "1998.04.06"]
[EventType "swiss"]
[EventRounds "9"]
[EventCountry "FRA"]
[SourceTitle "EXT 1999"]
[Source "ChessBase"]
[SourceDate "1998.11.16"]
[SourceVersion "1"]
[SourceVersionDate "1998.11.16"]
[SourceQuality "1"]

1. e4 c5 2. Nf3 d6 3. d4 cxd4 4. Nxd4 Nf6 5. Nc3 Nc6 6. Be3 Ng4 7. Bb5 Nxe3 8. fxe3 Bd7 9. Bxc6 bxc6 10. 0-0 e6 11. e5 Be7 12. Qh5 0-0 13. exd6 Bxd6 14. Ne4 Be7 15. Rad1 Qc7 16. Ng5 Bxg5 17. Qxg5 c5 18. Nb3 Bb5 19. Rf2 Rac8 20. Rfd2 a5 21. Rd6 a4 22. Nc1 h6 23. Qf4 Qb7 24. c4 Bc6 25. R1d2 Qb4 26. a3 Qa5 27. Ne2 Rfd8 28. Nc3 Rxd6 29. Qxd6 Qa6 30. Qd3 Qb7 31. Qd6 Qb8 32. Kf2 Qxd6 33. Rxd6 Kf8 34. Rd2 Ke7 35. g3 g5 36. Ne2 Rb8 37. Nc1 Be4 38. Ke2 h5 39. Nd3 Bxd3+ 40. Kxd3 Rb3+ 41. Ke2 g4 42. Kf2 Kf6 43. Ke2 Ke5 44. Rd7 Rxb2+ 45. Kd3 f5 46. Rc7 Kd6 47. Rh7 Rxh2 48. Ra7 Rg2 49. Rxa4 Rxg3 50. Ra6+ Ke5 51. Rc6 h4 52. Rxc5+ Kd6 53. Rc8 h3 54. c5+ Kd7 55. Rh8 Rg2 0-1

[Event "Cannes op 18th"]
[Site "Cannes"]
[Date "1997.??.??"]
[Round "4"]
[White "Haik, Aldo"]
[Black "Neiman, Emmanuel"]
[Result "0-1"]
[WhiteElo "2410"]
[BlackElo "2350"]
[PlyCount "66"]
[EventDate "1997.02.22"]
[EventType "swiss"]
[EventRounds "9"]
[EventCountry "FRA"]
[SourceTitle "CBM 057 Extra"]
[Source "ChessBase"]
[SourceDate "1997.05.01"]
[SourceVersion "1"]
[SourceVersionDate "1997.05.01"]
[SourceQuality "1"]

1. d4 Nf6 2. c4 e6 3. Nc3 Bb4 4. Qc2 0-0 5. Nf3 d6 6. a3 Bxc3+ 7. Qxc3 b6 8. g3 Bb7 9. Bg2 Nbd7 10. 0-0 Ne4 11. Qc2 f5 12. b4 Qe8 13. Bb2 Ndf6 14. Rad1 Qh5 15. d5 e5 16. Nh4 Bc8 17. Bf3 Qe8 18. g4 Ng5 19. Nxf5 Bxf5 20. Qxf5 Nfe4 21. Bxe4 Rxf5 22. Bxf5 g6 23. Bc2 Nh3+ 24. Kh1 Qe7 25. f3 Qh4 26. Rd2 Rf8 27. Kg2 h5 28. e3 hxg4 29. Bxg6 gxf3+ 30. Rxf3 Rxf3 31. Kxf3 e4+ 32. Ke2 Qg4+ 33. Kf1 Qg1+ 0-1

[Event "Metz op 15th"]
[Site "Metz"]
[Date "1997.??.??"]
[Round "9"]
[White "Haik, Aldo"]
[Black "Wojtkiewicz, Aleksander"]
[Result "1/2-1/2"]
[WhiteElo "2410"]
[BlackElo "2565"]
[PlyCount "37"]
[EventDate "1997.04.??"]
[EventType "swiss"]
[EventRounds "9"]
[EventCountry "FRA"]
[SourceTitle "EXT 1999"]
[Source "ChessBase"]
[SourceDate "1998.11.16"]
[SourceVersion "1"]
[SourceVersionDate "1998.11.16"]
[SourceQuality "1"]

1. d4 Nf6 2. c4 e6 3. Nf3 b6 4. e3 Bb7 5. Bd3 Be7 6. 0-0 0-0 7. Nc3 d5 8. cxd5 exd5 9. b3 Nbd7 10. Bb2 c5 11. Rc1 Bd6 12. Qe2 a6 13. Rfd1 Qe7 14. dxc5 bxc5 15. Na4 Ne4 16. Rc2 f5 17. Nd2 Rae8 18. Nf1 f4 19. f3 1/2-1/2

[Event "Cannes op 18th"]
[Site "Cannes"]
[Date "1997.??.??"]
[Round "9"]
[White "Verdier, Patrice"]
[Black "Haik, Aldo"]
[Result "1-0"]
[WhiteElo "2320"]
[BlackElo "2410"]
[PlyCount "69"]
[EventDate "1997.02.22"]
[EventType "swiss"]
[EventRounds "9"]
[EventCountry "FRA"]
[SourceTitle "CBM 057 Extra"]
[Source "ChessBase"]
[SourceDate "1997.05.01"]
[SourceVersion "1"]
[SourceVersionDate "1997.05.01"]
[SourceQuality "1"]

1. d4 g6 2. c4 Bg7 3. Nc3 d6 4. e4 Nd7 5. f4 e5 6. fxe5 dxe5 7. d5 Ngf6 8. Be3 Qe7 9. Be2 0-0 10. g4 Nc5 11. Bf3 Bxg4 12. Bxc5 Qxc5 13. Bxg4 Qe3+ 14. Be2 Ng4 15. Qd3 Qf2+ 16. Kd2 f5 17. Nh3 Bh6+ 18. Kc2 Ne3+ 19. Kb3 Qh4 20. Ng1 c6 21. Nf3 Qf4 22. Rhf1 Rad8 23. Nd4 Qh4 24. Ne6 cxd5 25. cxd5 Rd6 26. a3 Re8 27. Nc5 Rc8 28. Ne6 fxe4 29. Nxe4 Rb6+ 30. Ka2 Qe7 31. Rac1 Rbc6 32. dxc6 Qxe6+ 33. Qb3 Qxb3+ 34. Kxb3 Nxf1 35. cxb7 1-0

[Event "Metz op 14th"]
[Site "Metz"]
[Date "1996.??.??"]
[Round "?"]
[White "Finkel, Alexander"]
[Black "Haik, Aldo"]
[Result "1-0"]
[WhiteElo "2500"]
[BlackElo "2440"]
[PlyCount "97"]
[EventDate "1996.04.??"]
[EventType "swiss"]
[EventRounds "9"]
[EventCountry "FRA"]
[SourceTitle "EXT 1998"]
[Source "ChessBase"]
[SourceDate "1997.11.17"]
[SourceVersion "1"]
[SourceVersionDate "1997.11.17"]
[SourceQuality "1"]

1. e4 g6 2. d4 c6 3. f4 d5 4. e5 Bf5 5. Nf3 h5 6. Be2 Nh6 7. 0-0 e6 8. h3 h4 9. Be3 Be4 10. Ng5 Nf5 11. Bf2 Bh6 12. Qd2 c5 13. dxc5 Bxg5 14. fxg5 Nc6 15. Nc3 Qc7 16. Rae1 0-0-0 17. b4 Qxe5 18. b5 Ncd4 19. Bg4 Kb8 20. c6 bxc6 21. Bxf5 Nxf5 22. bxc6 Kc7 23. Nb5+ Kxc6 24. Bd4 Qb8 25. Rb1 Kd7 26. Bxh8 Rxh8 27. Nc3 Qd6 28. Rb7+ Kc6 29. Nxe4 dxe4 30. Qc3+ Qc5+ 31. Qxc5+ Kxc5 32. Rxf7 Kd5 33. Rxa7 Rc8 34. Ra5+ Kd4 35. Ra4+ Ke5 36. Ra5+ Kd4 37. Rf4 Ke3 38. Rg4 Rxc2 39. Ra3+ Kd4 40. Ra4+ Kd5 41. Rgxe4 e5 42. Re1 Rc5 43. Ra6 e4 44. Rxg6 Ra5 45. Rg8 e3 46. g6 Ke6 47. Rf1 e2 48. Re8+ Ne7 49. Re1 1-0

[Event "Cannes op"]
[Site "Cannes"]
[Date "1996.??.??"]
[Round "7"]
[White "Haik, Aldo"]
[Black "Groszpeter, Attila"]
[Result "0-1"]
[WhiteElo "2440"]
[BlackElo "2565"]
[PlyCount "52"]
[EventDate "1996.02.??"]
[EventType "swiss"]
[EventRounds "9"]
[EventCountry "FRA"]
[SourceTitle "CBM 051 Extra"]
[Source "ChessBase"]
[SourceDate "1996.05.01"]
[SourceVersion "1"]
[SourceVersionDate "1996.05.01"]
[SourceQuality "1"]

1. d4 Nf6 2. c4 g6 3. Nc3 Bg7 4. e4 d6 5. Bd3 0-0 6. Nge2 Nc6 7. 0-0 Nd7 8. Bc2 e5 9. d5 Nd4 10. Nxd4 exd4 11. Nb5 Nb6 12. Nxd4 Nxc4 13. Rb1 Re8 14. b3 Ne5 15. Bb2 c5 16. dxc6 bxc6 17. f3 Ba6 18. Rf2 Qb6 19. f4 Nd7 20. e5 Rad8 21. Qf3 dxe5 22. Nxc6 Bb7 23. Be4 Bxc6 24. Bxc6 e4 25. Bxe4 Bxb2 26. Rbxb2 Nf6 0-1

[Event "Cannes op"]
[Site "Cannes"]
[Date "1996.??.??"]
[Round "5"]
[White "Haik, Aldo"]
[Black "Weindl, Alfred"]
[Result "1-0"]
[WhiteElo "2440"]
[BlackElo "2335"]
[PlyCount "105"]
[EventDate "1996.02.??"]
[EventType "swiss"]
[EventRounds "9"]
[EventCountry "FRA"]
[SourceTitle "CBM 051 Extra"]
[Source "ChessBase"]
[SourceDate "1996.05.01"]
[SourceVersion "1"]
[SourceVersionDate "1996.05.01"]
[SourceQuality "1"]

1. d4 Nf6 2. c4 c5 3. d5 b5 4. cxb5 a6 5. bxa6 g6 6. Nc3 Bxa6 7. e4 Bxf1 8. Kxf1 d6 9. g4 Bg7 10. Kg2 Qc8 11. h3 Na6 12. Nf3 0-0 13. Re1 Qb7 14. Re2 Nb4 15. a3 c4 16. Ne1 Qa6 17. Rb1 Nd3 18. Nxd3 cxd3 19. Re3 Nd7 20. Rxd3 Nc5 21. Re3 Rfc8 22. Na2 Bh6 23. Nb4 Qc4 24. Re2 Bg7 25. Nc6 Rc7 26. f3 Nd3 27. Be3 Rb7 28. b3 Qc3 29. a4 e6 30. Rd2 Ne5 31. Nxe5 Qxe3 32. Nc4 Qf4 33. dxe6 Bf6 34. Qe1 Bc3 35. exf7+ Rxf7 36. Qe2 Bxd2 37. Nxd2 Re8 38. Qd3 h5 39. Nc4 Re6 40. Qe3 hxg4 41. Qxf4 Rxf4 42. hxg4 d5 43. exd5 Re2+ 44. Kg3 Rd4 45. d6 g5 46. a5 Ra2 47. Re1 Kg7 48. Re5 Kh6 49. Ne3 Kg6 50. b4 Rxd6 51. Nd5 Rd7 52. Ne7+ Kf6 53. Nc6 1-0